Využitie mobilných zariadení v medicínskej praxi

Saved in:
Bibliographic Details
Main Author: Slaninka, Marek (Author)
Other Authors: Lehocki, Fedor (Thesis advisor)
Format: Manuscript Book
Language:Slovak
Published: 2015
Subjects:
Online Access:http://is.stuba.sk/zp/portal_zp.pl?podrobnosti=88740
Tags: Add Tag
No Tags, Be the first to tag this record!

MARC

LEADER 00000ntm a22000003a 4500
001 stuzp43278
003 SK-STU
005 20160719153034.7
007 ta
008 150427s2015----xo-----f-mn---000-0-slo-d
040 |a STU  |b slo 
041 0 |a slo 
100 1 |a Slaninka, Marek  |u 035000  |4 aut  |U FEI Fakulta elektrotechniky a informatiky  |T FEI Ústav informatiky a matematiky  |X 5752  |U E050  |Y 816  |7 5752 
242 0 1 |a Usage of mobile devices in medicine  |y eng 
245 1 0 |a Využitie mobilných zariadení v medicínskej praxi 
260 |c 2015 
300 |a 28 s., príl.  |b CD-ROM 
650 4 |a Android  |2 slo 
650 4 |a mobilná aplikácia  |2 slo 
650 4 |a telesná teplota  |2 slo 
650 4 |a teplomer  |2 slo 
650 4 |a Android  |2 eng 
650 4 |a mobile application  |2 eng 
650 4 |a body temperature  |2 eng 
650 4 |a thermometer  |2 eng 
700 1 |a Lehocki, Fedor  |4 ths  |X 1888  |7 000001888 
856 4 |u http://is.stuba.sk/zp/portal_zp.pl?podrobnosti=88740 
996 |b 284ER01886  |c E*Bc- 1886  |l EE35  |s P  |a 0  |w stuzp43278_0001 
SQL |a stuzp43278  |b DBP  |c SLO  |d Využitie mobilných zariadení v medicínskej praxi  |e 5752  |f Slaninka, Marek  |g 035000  |h 1888  |i Lehocki, Fedor  |j 20150708  |k 73  |l 03  |m http://is.stuba.sk/zp/portal_zp.pl?podrobnosti=88740  |n B-API  |o 9.2.9. aplikovaná informatika